000 00533nam a22001937a 4500
999 _c7754
_d7754
003 OSt
005 20220301120019.0
008 220301b ||||| |||| 00| 0 eng d
020 _a0521-86010-5
040 _cDDC
082 _a340.11 TRA 2006
100 _aNaomi, Roht Arriaza
_915811
245 _aTransitional justice in Twenty -First centur
260 _aUnited Kingdom
_b: Cambridge University press
_c,C 2006
300 _axi, 346p.
_c; 24 cm
504 _aIndex
650 _aTransitional justice
_915812
942 _2ddc
_cBOOK